Disability, gender, and the trajectories of power /

Bibliographic Details
Other Authors: Hans, Asha (Editor)
Format: Book
Language:English
Published: New Delhi : SAGE Publications India Pvt Ltd, 2015.
Subjects:

MARC

Tag First Indicator Second Indicator Subfields
LEADER 00000cam a22000008i 4500
001 in00003583713
005 20150915110056.0
008 150312s2015 ii b 001 0 eng
010 |a  2015002720 
035 |a (OCoLC)ocn905758587 
040 |a DLC  |b eng  |e rda  |c DLC  |d BDX  |d YDXCP  |d BTCTA  |d DKAGE  |d CDX  |d OCLCF  |d LTSCA  |d OCLCO 
019 |a 906123571  |a 908912871 
020 |a 9789351501237 (hardback : alk. paper) 
020 |a 935150123X (hardback : alk. paper) 
024 8 |a 40025110186 
029 1 |a NZ1  |b 15997469 
035 |a (OCoLC)905758587 
042 |a pcc 
050 0 0 |a HV1569.3.W65  |b D547 2015 
082 0 0 |a 305.9/08082  |2 23 
049 |a TXAM 
245 0 0 |a Disability, gender, and the trajectories of power /  |c edited by Asha Hans. 
263 |a 1503 
264 1 |a New Delhi :  |b SAGE Publications India Pvt Ltd,  |c 2015. 
300 |a xii, 278 pages ;  |c 23 cm 
336 |a text  |b txt  |2 rdacontent 
337 |a unmediated  |b n  |2 rdamedia 
338 |a volume  |b nc  |2 rdacarrier 
504 |a Includes bibliographical references and index. 
650 0 |a Women with disabilities  |x Social conditions. 
650 0 |a Women with disabilities  |x Psychology. 
650 0 |a People with disabilities  |x Social conditions. 
650 0 |a People with disabilities  |x Psychology. 
650 7 |a People with disabilities  |x Psychology.  |2 fast  |0 (OCoLC)fst01057313 
650 7 |a People with disabilities  |x Social conditions.  |2 fast  |0 (OCoLC)fst01057340 
650 7 |a Women with disabilities  |x Psychology.  |2 fast  |0 (OCoLC)fst01178687 
650 7 |a Women with disabilities  |x Social conditions.  |2 fast  |0 (OCoLC)fst01178691 
700 1 |a Hans, Asha,  |e editor. 
938 |a Brodart  |b BROD  |n 112468004 
938 |a YBP Library Services  |b YANK  |n 100612052 
938 |a Baker and Taylor  |b BTCP  |n BK0017045385 
938 |a D. K. Agencies (P) Ltd.  |b DKAP  |n DK-246748-HBD 
938 |a Coutts Information Services  |b COUT  |n 30106052 
947 |a A14842900368 
945 |a PromptCat  |b 312892 
946 |a stk 
994 |a 92  |b TXA 
948 |a Cataloged  |b h  |c 2015/9/15  |d c  |e AReeder 
999 f f |s 2bb0db91-cd2d-3d53-bb1b-18c6c10ee1fe  |i c9fc14af-1515-37ab-9a8e-38777e4352a5  |t 0 
952 f f |p normal  |a Texas A&M University  |b College Station  |c Sterling C. Evans Library  |d Evans: Library Stacks  |t 0  |e HV1569.3.W65 D547 2015  |h Library of Congress classification  |i unmediated -- volume  |m A14842900368 
998 f f |a HV1569.3.W65 D547 2015  |t 0  |l Evans: Library Stacks